LEADER 01051nam a2200205 i 4500 001 000000250482 003 CaOOAMICUS 005 20220812145103.0 008 160805s1748 gw u000 u lat u 013 $a229387 026 $a7.8. 9.g. t.ii au(f (3) 1748 (R) 040 $aSeMil$bita 245 10$aTomus 3. 300 $a[70], 673, [1], 305, [3] p., [1], LXIII carte di tav. :$bill. calcogr. 500 $aSegn.: pg2 A-Q2 R2(-R2), A-4P4 4Q2(-4Q2), A-4F2 4G4 773 0 $aKlettenberg und Wildeck, Karl Heinrich : von$tScriptores historiae Romanae latini veteres, qui extant omnes, notis variis illustrati, a Carolo Henrico de Klettenberg et Wildeck ... in unum redacti corpus, tribus tomis distinctum. Edente et accurante Bennone Casparo Haurisio ... Tomus 1. [-3.].$dHeidelbergae : Ex Typographeo academico per Joannem Jacobum Haener, 1743-1748.$g3$w()5333 850 $aSeMil 852 $aSeMil$W1$xVenegono$y1$m3E VIII 30 FA$j200828$B200828$CSeMilBibl$Z2$F212553 $8I 996 $6245$aTomus 3$9(OLS)http://semarc/title/70582 LEADER 00836nam a2200217 i 4500 001 000000187691 003 CaOOAMICUS 005 20100322000000.0 008 100322s1983 it u000 u spa u 013 $a165783 020 $a84-300-8851-2 040 $aSeMil$bita 245 10$aMysterium Christi :$bLeón Magno /$cJose Martorell. 260 $aValencia :$b[s.n.],$c1983. 300 $a143 p. :$btabelle ;$c23 cm. 600 04$aLeone : Magno .$0(OLS)http://semarc/subject/1640 850 $aSeMil 852 $aSeMil$W1$xVenegono$y1$m2T II 235$j138378$B138378$CSeMilBibl$Z2$F149815 $81 996 $6020$a84-300-8851-2$9(OLS)http://semarc/number/178131 996 $6245$aMysterium Christi :$bLeón Magno$9(OLS)http://semarc/title/270038 996 $6260$aValencia :$b[s.n.]$9(OLS)http://semarc/publisher/30967